Statistics for Massachusetts A-Z

Click here to take the quiz!

General Stats

  • This quiz has been taken 246 times
  • The average score is 18 of 25

Answer Stats

ClueAnswer% Correct
HIvy League universityHarvard
99%
MShip that brought the PilgrimsMayflower
96%
SCity famous for witch trialsSalem
96%
TType of "party" Boston had in 1773Tea
96%
ERegion Massachusetts is part ofNew {England}
95%
VIsland for rich peopleMartha's {Vineyard}
92%
RBoston's MLB baseball teamBoston {Red} {Sox}
90%
IMain European ancestryIrish
90%
GBoston daily newspaperBoston {Globe}
87%
FStadium with a green monsterFenway Park
85%
NIsland of Captain Ahab,
oft-mentioned in limericks
Nantucket
81%
QBirthplace of two presidentsQuincy
78%
D"Good Will Hunting" actorMatt Damon
72%
WSecond most populated cityWorcester
71%
BState nicknameThe {Bay} State
70%
PGroup that founded MassachusettsPuritans
64%
LTextile mills city in the 1800sLowell
62%
K2004 presidential candidateJohn Kerry
60%
JBoston neighborhood{Jamaica} Plain
59%
O"The Tonight Show" host, brieflyConan O'Brien
51%
CLongest riverConnecticut
45%
AFormer slave that was killed at
the Boston Massacre
Crispus Attucks
39%
ZVideo of the JFK assassination{Zapruder} Film
31%
UShip called "Old Ironsides" even
though its built of wood
USS Constitution
30%
YR player / 1967 Triple Crown winnerCarl Yastrzemski
29%

Score Distribution

Percentile by Number Answered

Percent of People with Each Score

Your Score History

You have not taken this quiz